|
|
|
|
| LEADER |
00000nab a2200000 a 4500 |
| 001 |
vtls000519844 |
| 003 |
SK-MaSNL |
| 005 |
20260304090219.0 |
| 008 |
250425c1994 xo 0 slo |
| 015 |
|
|
|a SNBRB19rr/mm-uuuuu
|
| 035 |
|
|
|a CL0519982
|
| 035 |
|
|
|a urn:nbn:sk:snk-abbohi
|
| 035 |
|
|
|a (urnnbn)urn:nbn:sk:snk:ar-a09uhr
|
| 035 |
|
|
|a (uuid)104fb922-1183-4e41-84c8-a538bd999c30
|
| 040 |
|
|
|a SNKBUCL
|b slo
|c SNKBUCL
|e AACR2
|
| 041 |
0 |
|
|a cze
|
| 044 |
|
|
|a xo
|c SK
|
| 080 |
|
|
|a 534.833.524.013:531.1.013:519.6
|2 1981
|
| 080 |
|
|
|a 531.1.013
|2 1981
|
| 080 |
|
|
|a 519.6
|2 1981
|
| 080 |
|
|
|a 621.824-431
|2 1981
|
| 100 |
1 |
|
|a Hlaváč, Zdeněk,
|d 1946-
|4 aut
|9 206131
|
| 245 |
1 |
0 |
|a Spektrální ladění soustav s náhodnými parametry
|c Zdeněk Hlaváč
|
| 300 |
|
|
|b Sch. 1, tab. 2, res. angl., lit. 10 zázn. v angl., češ.
|
| 650 |
0 |
7 |
|a sústavy mechanické
|2 snkbucl
|9 894048
|
| 650 |
0 |
7 |
|a kmitanie torzné
|2 snkbucl
|9 979797
|
| 655 |
|
7 |
|a články z novín a časopisov
|2 snkbucl
|9 267496
|
| 773 |
0 |
|
|t Strojnícky časopis
|g Roč. 45, č. 2 (1994), s. 109-122
|x 0039-2472
|
| 850 |
|
|
|a Slovenská národná knižnica
|
| 852 |
|
|
|a Slovenská národná knižnica
|
| 958 |
|
|
|a article15
|
| 958 |
|
|
|a OND
|
| 958 |
|
|
|a NB
|
| 958 |
|
|
|a RK
|
| 958 |
|
|
|a CZ
|
| 958 |
|
|
|a EUIPO
|
| 992 |
|
|
|a RBX
|
| 999 |
|
|
|c 2810730
|d 2812660
|